[Event "NED-ch U18"]
[Site "Almelo"]
[Date "2023.05.05"]
[Round "6"]
[White "Moskalets, Sofiia"]
[Black "Van der Hagen, Loek"]
[Result "1/2-1/2"]
[WhiteElo "1722"]
[BlackElo "2273"]
[PlyCount "94"]
[EventDate "2023.04.30"]
[EventType "swiss"]
[EventRounds "7"]
[EventCountry "NED"]
[SourceTitle "CBM 214 Extra"]
[Source "ChessBase"]
[SourceDate "2023.07.31"]
[SourceVersion "1"]
[SourceVersionDate "2023.07.31"]
[SourceQuality "1"]

1. e4 c5 2. Nf3 d6 3. d4 cxd4 4. Nxd4 Nf6 5. Nc3 Nc6 6. Bg5 Bd7 7. Qd2 a6 8. 0-0-0 e6 9. f4 Be7 10. Nb3 b5 11. Bxf6 gxf6 12. f5 b4 13. Ne2 e5 14. Qd5 h5 15. Ng3 Qb6 16. Bc4 Rh7 17. Nxh5 a5 18. g4 a4 19. Nd2 b3 20. c3 bxa2 21. Bxa2 Qe3 22. Rhe1 Qg5 23. h3 Ra7 24. Kb1 Na5 25. Nc4 Nxc4 26. Qxc4 Kf8 27. Qb4 Be8 28. Qb8 Rd7 29. Bd5 Rd8 30. Qb6 Qh4 31. Qe3 Rb8 32. Ka1 Rc8 33. Rg1 Rc5 34. Qg3 Qg5 35. h4 Qh6 36. Qd3 Bb5 37. c4 Ba6 38. Qc3 Bb5 39. Qd3 Ba6 40. Rg3 Rh8 41. Qc3 Bd8 42. Qb4 Ke7 43. Qb8 Bc7 44. Qa7 Rb8 45. Qxa6 Ra5 46. Qc6 Rc5 47. Qa6 Ra5 1/2-1/2

[Event "NED-ch U18"]
[Site "Almelo"]
[Date "2023.05.03"]
[Round "4"]
[White "Moskalets, Sofiia"]
[Black "Slagboom, Leandro"]
[Result "1/2-1/2"]
[WhiteElo "1722"]
[BlackElo "2228"]
[PlyCount "99"]
[EventDate "2023.04.30"]
[EventType "swiss"]
[EventRounds "7"]
[EventCountry "NED"]
[SourceTitle "CBM 214 Extra"]
[Source "ChessBase"]
[SourceDate "2023.07.31"]
[SourceVersion "1"]
[SourceVersionDate "2023.07.31"]
[SourceQuality "1"]

1. e4 e6 2. d4 d5 3. Nd2 c5 4. exd5 Qxd5 5. Ngf3 cxd4 6. Bc4 Qd6 7. 0-0 Nf6 8. Nb3 Nc6 9. Nbxd4 Nxd4 10. Nxd4 Be7 11. c3 0-0 12. Qf3 Qc7 13. Bd3 Bd7 14. Re1 Nd5 15. Nf5 exf5 16. Qxd5 Be6 17. Qf3 g6 18. Bf4 Qb6 19. Re2 Bf6 20. Bh6 Rfd8 21. Rae1 Bg7 22. Bg5 Rd7 23. h4 h6 24. Bf4 Rad8 25. Bc2 Qxb2 26. Bxf5 Qxc3 27. Re3 Qd4 28. Bxe6 fxe6 29. Rxe6 Rf8 30. R6e4 Qd5 31. Qg4 Kh7 32. Bg3 Rdf7 33. Re6 Qf5 34. Qb4 a6 35. R1e3 Qc2 36. Re2 Qd1+ 37. Kh2 Qd5 38. Rd6 Qf5 39. Ree6 Bf6 40. Qb6 Kg7 41. Kg1 g5 42. h5 g4 43. Qb4 Qxh5 44. Re4 Kh7 45. Rxg4 Qf5 46. Rf4 Qc2 47. Qb6 Bg7 48. Rxf7 Rxf7 49. Qe3 Rf5 50. Qd3 1/2-1/2

[Event "EU-ch U14 Girls 30th"]
[Site "Antalya"]
[Date "2022.11.10"]
[Round "5"]
[White "Moskalets, Sofiia"]
[Black "Tabermakova, Leila"]
[Result "1-0"]
[WhiteElo "1430"]
[BlackElo "1716"]
[PlyCount "61"]
[EventDate "2022.11.06"]
[EventType "swiss"]
[EventRounds "9"]
[EventCountry "TUR"]
[SourceTitle "EXT 2024"]
[Source "ChessBase"]
[SourceDate "2023.10.10"]
[SourceVersion "1"]
[SourceVersionDate "2023.10.10"]
[SourceQuality "1"]

1. d4 Nf6 2. Nc3 d5 3. Bf4 c6 4. e3 g6 5. h4 h5 6. Bd3 Bg7 7. Nf3 Bg4 8. Qd2 Bxf3 9. gxf3 b5 10. Ne2 Nbd7 11. Bg5 Qc7 12. c3 Nb6 13. Qc2 Bh6 14. 0-0-0 Bxg5 15. hxg5 Nfd7 16. f4 e6 17. Bxg6 fxg6 18. Qxg6+ Ke7 19. Rxh5 Rxh5 20. Qxh5 Rf8 21. Rg1 Kd8 22. Qh6 Qd6 23. f5 Rxf5 24. Nf4 Kc8 25. g6 e5 26. dxe5 Nxe5 27. Qh3 Qd7 28. g7 Kb7 29. g8Q Rf7 30. Rg7 Qe7 31. Qf5 1-0